If I Were a Movie Villain... - Statistics

General Stats
  • This quiz has been taken 21 times
  • The average score is 3 of 10
Answer Stats
Hint Answer % Correct
I would use the Infinity Stones to wipe out half of all life Thanos
100%
I would irradiate all the gold in Fort Knox Auric Goldfinger
65%
I would make myself immortal, but make my portrait age Dorian Gray
35%
I would retrieve the Ark of the Covenant for Hitler René Belloq
29%
I would kill camp counselors as revenge for my son Pamela Voorhees
24%
I would steal the pink panther diamond The Phantom
12%
I would find Confederate money buried in a grave Angel Eyes
6%
I would torture my deaf, dumb and blind cousin Cousin Kevin
6%
I would make the voting age 14 and become the president Max Frost
6%
I would assassinate the president to mess with the man who failed to protect Kennedy Mitch Leary
6%
No matching quizzes found
Score Distribution
Percent of People with Each Score
Percentile by Number Answered
Your Score History
You have not taken this quiz